000 00271nam a2200109Ia 4500
008 220216s9999 xx 000 0 und d
100 _aThomas K U
245 0 _aMarakkaathirikkoo marangale mazhakkuda choodikkan
260 _bRubber
_c2011
300 _a9-12.
942 _cML
999 _c72951
_d72951